An General Introduction to the Bible (Record no. 13704)
[ view plain ]
| 000 -LEADER | |
|---|---|
| fixed length control field | 00603nam a2200229 a 4500 |
| 020 ## - INTERNATIONAL STANDARD BOOK NUMBER | |
| ISBN | 9780802429162 |
| 082 00 - DEWEY DECIMAL CLASSIFICATION NUMBER | |
| Classification number | 220.6 |
| Author Cutter | GEI |
| 100 ## - MAIN ENTRY--AUTHOR NAME | |
| Author name | Geisler, L Norman |
| 245 ## - TITLE STATEMENT | |
| Title | An General Introduction to the Bible |
| Sub title | Revised and Expanded |
| 260 ## - PUBLICATION, DISTRIBUTION, ETC. (IMPRINT) | |
| Place of publication | Chicago |
| Name of publisher | Moody Press |
| Year of publication | 1986 |
| 300 ## - PHYSICAL DESCRIPTION | |
| Number of Pages | 724p |
| 500 ## - GENERAL NOTE | |
| General note | includes index and biblioraphy |
| 505 2# - FORMATTED CONTENTS NOTE | |
| Formatted contents note | Bibliography, Index |
| 650 ## - SUBJECT ADDED ENTRY--TOPICAL TERM | |
| Topical Term | Bible-Introduction |
| 942 ## - ADDED ENTRY ELEMENTS (KOHA) | |
| Koha item type | Books |
| Collection code | Home library | Current library | Date acquired | Cost, normal purchase price | Full call number | Accession Number | Koha item type |
|---|---|---|---|---|---|---|---|
| Henry Martyn Institute Library | Henry Martyn Institute Library | 04/18/2013 | 1200.00 | 220.6 GEI | 023243 | Books |
